<?xml version="1.0" encoding="UTF-8"?>
<record
    xmlns:xsi="http://www.w3.org/2001/XMLSchema-instance"
    xsi:schemaLocation="http://www.loc.gov/MARC21/slim http://www.loc.gov/standards/marcxml/schema/MARC21slim.xsd"
    xmlns="http://www.loc.gov/MARC21/slim">

  <leader>00918nam a2200193Ia 4500</leader>
  <datafield tag="952" ind1=" " ind2=" ">
    <subfield code="0">0</subfield>
    <subfield code="1">0</subfield>
    <subfield code="4">0</subfield>
    <subfield code="7">0</subfield>
    <subfield code="a">11</subfield>
    <subfield code="b">11</subfield>
    <subfield code="d">2007-01-08</subfield>
    <subfield code="l">9</subfield>
    <subfield code="m">1</subfield>
    <subfield code="o">ND2420 H3718</subfield>
    <subfield code="p">11 000587</subfield>
    <subfield code="r">2026-03-23</subfield>
    <subfield code="s">2026-03-20</subfield>
    <subfield code="t">1</subfield>
    <subfield code="w">2012-06-26</subfield>
    <subfield code="y">LB</subfield>
  </datafield>
  <datafield tag="999" ind1=" " ind2=" ">
    <subfield code="c">68571</subfield>
    <subfield code="d">68571</subfield>
  </datafield>
  <controlfield tag="008">120626s1995    sp a          000 0 spa d</controlfield>
  <datafield tag="020" ind1=" " ind2=" ">
    <subfield code="a">8486673305</subfield>
  </datafield>
  <datafield tag="050" ind1=" " ind2=" ">
    <subfield code="a">ND2420 </subfield>
    <subfield code="b">H3718</subfield>
  </datafield>
  <datafield tag="100" ind1=" " ind2=" ">
    <subfield code="a">Hazel, Harrison</subfield>
    <subfield code="e">autor</subfield>
  </datafield>
  <datafield tag="245" ind1=" " ind2=" ">
    <subfield code="a">Enciclopedia de t&#xE9;cnicas de acuarela </subfield>
    <subfield code="b">: Gu&#xED;a completa de t&#xE9;cnicas para acuarela, gouche y acr&#xED;lico con orientaciones minuciosamente detalladas para su aplicaci&#xF3;n </subfield>
    <subfield code="c">/ Hazel, Harrison</subfield>
  </datafield>
  <datafield tag="250" ind1=" " ind2=" ">
    <subfield code="a">2a. edici&#xF3;n</subfield>
  </datafield>
  <datafield tag="260" ind1=" " ind2=" ">
    <subfield code="a">Espa&#xF1;a</subfield>
    <subfield code="b">: Acanto</subfield>
    <subfield code="c">, 1995</subfield>
  </datafield>
  <datafield tag="300" ind1=" " ind2=" ">
    <subfield code="a">191 p&#xE1;ginas</subfield>
    <subfield code="b">: ilustraciones</subfield>
  </datafield>
  <datafield tag="500" ind1=" " ind2=" ">
    <subfield code="a">Incluye: Sumario, Indice de ilustraciones, Indice de materias</subfield>
  </datafield>
  <datafield tag="505" ind1=" " ind2=" ">
    <subfield code="a">1. T&#xE9;cnicas  

2. Temas  
El reino animal  
La arquitectura  
La figura humana  
Flores  
El paisaje  
Los cielos  
La naturaleza muerta  
El agua  </subfield>
  </datafield>
  <datafield tag="519" ind1=" " ind2=" ">
    <subfield code="a">Material Complementario/  </subfield>
    <subfield code="b">Dise&#xF1;o y comunicaci&#xF3;n visual /</subfield>
    <subfield code="d">(11 000587)  
</subfield>
  </datafield>
  <datafield tag="650" ind1=" " ind2="0">
    <subfield code="a">ACUARELA</subfield>
    <subfield code="x">T&#xC9;CNICAS</subfield>
  </datafield>
  <datafield tag="942" ind1=" " ind2=" ">
    <subfield code="c">LB</subfield>
  </datafield>
</record>
